000 00512cam a22002051 4500
001 sa 68010396
003 DLC
005 20260227112551.0
008 890331s1967 xx 000 0 ara
010 _asa 68010396
035 _a(OCoLC)23498297
040 _aDLC
_cMiU
_dDLC
050 0 0 _aPN6119
_b.A9
100 1 _aal-Azhari, Md. Alauddin.
245 1 3 _aal-Inshāʼ al-ʻaṣrī.
260 _c[1967]
300 _a4, 4, 155, 16 p.
_c18 cm.
500 _aRomanized.
650 0 _aArabic language
_xReaders
999 _c83383
_d83383